Top 10 players at every NFL position 2022-2023 - Statistics

General Stats
  • This quiz has been taken 5,257 times
  • The average score is 71 of 100
Answer Stats
Hint Answer % Correct
QB1 Chiefs Patrick Mahomes
100%
QB2 Packers Aaron Rodgers
99%
QB3 Bills Josh Allen
99%
QB6 Bengals Joe Burrow
98%
QB5 Chargers Justin Herbert
98%
QB8 Ravens Lamar Jackson
98%
QB4 Bucaneers Tom Brady
98%
RB1 Titans Derrick Henry
97%
QB10 Cardinald Kyler Murray
97%
QB9 Rams Matt Stafford
97%
WR1 Rams Cooper Kupp
96%
TE10 Patriots Hunter Henry
96%
CB4 Chargers JC Jackson
96%
DT2 Commanders Jonathan Allen
96%
WR3 Vikings Justin Jefferson
96%
TE1 Chiefs Travis Kelce
96%
WR5 Dolphins Tyreek Hill
96%
WR2`Raiders Davante Adams
95%
QB7 Browns Deshaun Watson
95%
TE2 49ers George Kittle
95%
WR6 Bengals Jamaar Chase
95%
RB3 Browns Nick Chubb
95%
WR8 Bills Stefon Diggs
95%
RB2 Colts Jonathan Taylor
94%
CB10 Cowboys Trevon Diggs
94%
RB9 Packers Aaron Jones
93%
WR4 49ers Deebo Samuel
93%
WR10 Seahawks DK Metcalf
93%
S9 Seahawks Jamal Adams
93%
LB8 Raiders Chandler Jones
92%
DT3 Chiefs Chris Jones
92%
RB7 Bengals Joe Mixon
92%
TE3 Ravens Mark Andrews
92%
RB4 Vikings Dalvin Cook
91%
WR7 Cardinals Deandre Hopkins
91%
RB10 Cowboys Ezekiel Elliott
91%
K7 Chargers Dustin Hopkins
89%
RB8 Steelers Najee Harris
89%
RB5 Panthers Christian McCaffrey
88%
WR9 Bucs Chris Godwin
86%
TE6 Falcons Kyle Pitts
86%
RB6 Chargers Austin Ekeler
83%
TE4 Raiders Darren Waller
81%
TE5 Lions TJ Hockenson
81%
TE8 Bucs Rob Gronkowski
78%
DE1 Rams Aaron Donald
77%
TE7 Eagles Dallas Goedert
76%
LB4 Chargers Joey Bosa
75%
DE2 Browns Myles Garrett
75%
DE3 49ers Nick Bosa
75%
LB1 Steelers TJ Watt
75%
CB1 Rams Jalen Ramsey
71%
K1 Ravens Justin Tucker
70%
DE4 Raiders Maxx Crosby
68%
TE9 Dolphins Mike Gesicki
68%
CB2 Packers Jaire Alexander
66%
LB2 49ers Fred Warner
65%
LB3 Cowboys Micah Parsons
65%
S1 Chargers Derwin James
62%
DE6 Saints Cam Jordan
61%
CB9 Eagles Darius Slay
60%
CB5 Bills Tre White
60%
LB6 Bears Roquan Smith
59%
DE5 Steelers Cameron Heyward
58%
K2 Chiefs Harrison Butker
58%
S5 Steelers Minkah Fitzpatrick
58%
DT5 Jets Quinnen Williams
58%
DT1 Bucs Vita Vea
58%
S4 Cardinals Budda Baker
57%
CB8 Saints Marshon Lattimore
56%
CB6 Browns Denzel Ward
55%
DE9 Titans Jeffery Simmons
55%
S2 Broncos Justin Simmons
55%
LB9 Chargers Khalil Mack
55%
DE8 Bengals Trey Hendrickson
53%
DT4 Colts Deforest Buckner
52%
K3 Bengals Evan McPherson
52%
DE7 Panthers Brian Burns
51%
DE10 Vikings Daniell Hunter
51%
CB7 Ravens Marlon Humphrey
51%
CB3 Falcons AJ Terrell
50%
LB5 Rams Bobby Wagner
50%
S6 Bengals Jessie Bates
49%
S8 Bills Jordan Poyer
49%
LB7 Colts Darius Leonard
45%
S3 Titans Kevin Byard
45%
S10 Bills Micah Hyde
43%
K9 Steelers Chris Boswell
39%
K4 Rams Matt Gay
38%
K10 49ers Robbie Gould
38%
K6 Dolphins Jason Sanders
36%
K5 Bills Tyler Bass
36%
DT6 Packers Kenny Clark
34%
LB10 Bucs Shaq Barrett
31%
DT7 Commanders Da'Ron Payne
29%
K8 Patriots Nick Folk
29%
DT10 Bills Ed Oliver
26%
DT8 Eagles Javon Hargrave
19%
S7 Chiefs Tyrann Matheiu
19%
DT9 Bengals DJ Reader
18%
No matching quizzes found
Score Distribution
Percent of People with Each Score
Percentile by Number Answered
Your Score History
You have not taken this quiz